[Event "CPX.CA1.13"]
[Site "http://www.queenalice.com/game.php?id=771416"]
[Date "2010.5.6"]
[Round "-"]
[White "euber"]
[Black "aribeiro2"]
[Result "1-0"]
[WhiteElo "1355"]
[BlackElo "1422"]

1. e4 Nf6 2. Nc3 e5 3. d3 Bb4 4. Bg5 h6 5. Bxf6 Qxf6 6. a3 Bc5 7. Nd5 Qd6 8. Qg4
Nc6 9. Qxg7 Rf8 10. b4 Bd4 11. Rb1 b5 12. Be2 Qg6 13. Qxg6 fxg6 14. Nxc7+ Ke7
15. Nxa8 Bxf2+ 16. Kd2 Nd4 17. Nf3 Nxe2 18. Kxe2 Bb7 19. Nc7 Bb6 20. Nxb5 Rc8
21. c4 a6 22. Nc3 a5 23. Nd5+ Ke6 24. Nxb6 1-0

[Event "CPX.CA1.09"]
[Site "http://www.queenalice.com/game.php?id=771709"]
[Date "2010.5.6"]
[Round "-"]
[White "aclj"]
[Black "euber"]
[Result "1-0"]
[WhiteElo "1053"]
[BlackElo "1510"]

1. e3 d5 2. Bd3 Nf6 3. Nh3 Bg4 4. f3 Be6 5. O-O Nc6 6. a4 d4 7. e4 b6 8. Qe2 Rg8
9. f4 Bg4 10. Qf2 e5 11. f5 g6 12. Qh4 gxf5 13. exf5 a6 14. Ng5 h6 15. Nh7 Bg7
16. Nxf6+ Bxf6 17. Qxh6 b5 18. a5 Rh8 19. Qxf6 Kd7 20. Qxf7+ Ne7 21. f6 Qe8 22.
fxe7 Qxe7 23. h3 Be6 24. Bg6 Rhg8 25. Qh7 Rg7 26. Qh5 Rf8 27. Bd3 Bf7 28. Qf3
Be6 29. Qb7 Rxf1+ 30. Kxf1 Qf7+ 31. Qf3 Qxf3+ 32. gxf3 Bxh3+ 33. Ke2 Rg2+ 34.
Kf1 Rh2+ 35. Kg1 Rg2+ 36. Kh1 Rf2 37. b4 Rxf3 38. Kh2 Bf1 39. Be4 Rf4 40. d3
Rf2+ 41. Kg3 Rxc2 42. Na3 Re2 43. Kg4 Ke6 44. Bg5 Bg2 45. Rc1 Bxe4 46. dxe4
Rxe4+ 47. Kf3 Kf5 48. Bd2 d3 49. Nb1 Re2 50. Bc3 Rc2 51. Bd2 e4+ 52. Ke3 Rxc1
53. Bxc1 Ke5 54. Nd2 Kd5 55. Nxe4 Kc4 56. Bd2 Kb3 57. Nc5+ 1-0

[Event "CPX.CA1.21"]
[Site "http://www.queenalice.com/game.php?id=771766"]
[Date "2010.5.6"]
[Round "-"]
[White "RubensFigueiredo"]
[Black "euber"]
[Result "1-0"]
[WhiteElo "1547"]
[BlackElo "1510"]

1. e4 Nf6 2. Nc3 d6 3. d4 Bg4 4. Be2 Qd7 5. Bxg4 Nxg4 6. Nh3 c6 7. O-O d5 8. f3
Nf6 9. e5 Ng8 10. f4 e6 11. Bd2 Bb4 12. Na4 Bxd2 13. Qxd2 Nh6 14. Nc5 Qe7 15.
Qb4 b5 16. Nd3 Qxb4 17. Nxb4 a5 18. Nd3 O-O 19. Nc5 Ra7 20. Ng5 Nf5 21. Rfe1
Nxd4 22. Rac1 h6 23. Nf3 Nxf3+ 24. gxf3 f6 25. Nxe6 Re8 26. exf6 gxf6 27. Nd4
Rae7 28. Rxe7 Rxe7 29. Nf5 Rh7 30. Re1 Na6 31. Ne7+ Kf8 32. Nxc6 a4 33. Re6 Rf7
34. Nd8 Rd7 35. Rxf6+ Ke7 36. Rxa6 Kxd8 37. Rxh6 Rg7+ 38. Kf2 Rc7 39. Rh8+ Kd7
40. Rh7+ Kd6 41. Rxc7 Kxc7 42. Ke3 Kd6 43. Kd4 Ke6 44. b3 axb3 45. axb3 Kf5 46.
Kxd5 1-0

[Event "CPX.CA1.34"]
[Site "http://www.queenalice.com/game.php?id=792281"]
[Date "2010.6.19"]
[Round "-"]
[White "euber"]
[Black "raszytko"]
[Result "0-1"]
[WhiteElo "1438"]
[BlackElo "2406"]

1. e4 c5 2. d3 Nc6 3. c3 d5 4. exd5 Qxd5 5. Qf3 Nf6 6. Qxd5 Nxd5 7. c4 Ndb4 8.
Kd1 Bf5 9. Kd2 O-O-O 10. a3 Bxd3 11. Nf3 Bxf1+ 12. Ke1 Bxg2 13. Rg1 Bxf3 14.
axb4 Rd1# 0-1

[Event "CPX.CA1.36"]
[Site "http://www.queenalice.com/game.php?id=792282"]
[Date "2010.6.19"]
[Round "-"]
[White "euber"]
[Black "RubensFigueiredo"]
[Result "0-1"]
[WhiteElo "1461"]
[BlackElo "1559"]

1. e4 e5 2. Nf3 Nc6 3. Bb5 a6 4. Bc4 Nf6 5. d3 d6 6. Ng5 d5 7. exd5 Nxd5 8. Ne4
Be6 9. O-O b5 10. Bb3 Nf4 11. Bxe6 Nxe6 12. Qh5 Nc5 13. Bg5 Qd4 14. Be3 Qxb2 15.
Nbc3 Nxe4 16. Nxe4 g6 17. Qd1 Be7 18. Qb1 Qxb1 19. Raxb1 O-O 20. f4 Bd6 21. Nf6+
Kg7 22. Nd7 Rfd8 23. Nc5 exf4 24. Bf2 Nb4 25. Rxb4 g5 26. Re4 Re8 27. Rfe1 Rxe4
28. Nxe4 Bb4 29. Rb1 Be7 30. Bd4+ f6 31. c4 c6 32. h3 Kg6 33. Re1 c5 34. Bxc5
Bxc5+ 35. Nxc5 Rd8 36. Re6 bxc4 37. dxc4 Rc8 38. Nxa6 Rxc4 39. Re2 Rc1+ 40. Kf2
h5 41. Nb4 g4 42. Nd3 Rc3 43. Nxf4+ Kh6 44. Nd5 Rc5 45. Nxf6 Rf5+ 46. Kg3 Rxf6
47. hxg4 hxg4 48. Kxg4 Rg6+ 49. Kf3 Rf6+ 50. Kg3 Rg6+ 51. Kf2 Kh5 52. g3 Rf6+
53. Kg2 Rd6 54. a4 Ra6 55. Ra2 Kg4 56. a5 Rf6 57. Ra3 Re6 58. Ra4+ Kg5 59. Ra2
Ra6 60. Ra4 Rd6 61. Ra2 Kg4 62. a6 Rd8 63. Ra4+ Kg5 64. Ra2 Ra8 65. a7 Kg4 66.
Ra4+ Kg5 67. g4 Kg6 68. Kg3 Kg5 69. Ra5+ Kg6 70. g5 Kg7 71. Ra6 Kg8 72. g6 Kg7
73. Kg4 Kg8 74. Kg5 Kg7 75. Kh5 Rh8+ 76. Kg5 Ra8 77. Kf5 Rf8+ 78. Ke6 Rf6+ 0-1

[Event "CPX.CA1.35"]
[Site "http://www.queenalice.com/game.php?id=792470"]
[Date "2010.6.19"]
[Round "-"]
[White "euber"]
[Black "aclj"]
[Result "1-0"]
[WhiteElo "1471"]
[BlackElo "1110"]

1. e4 e6 2. b3 Nf6 3. d3 Bd6 4. Bg5 h6 5. Bh4 Be7 6. g3 c6 7. Nf3 O-O 8. e5 Ng4
9. Bxe7 Qxe7 10. Bh3 h5 11. O-O b5 12. Qd2 Qf6 13. exf6 Nxf6 14. Ng5 Na6 15. c4
b4 16. a3 c5 17. a4 Bb7 18. d4 Rfd8 19. dxc5 Nxc5 20. Qxb4 d6 21. Nc3 a5 22. Qa3
Nce4 23. Ncxe4 Nxe4 24. Nxe4 Bxe4 25. Rad1 Ra6 26. Rd4 Bf5 27. Bxf5 exf5 28.
Rfd1 Rb8 29. Rxd6 Rab6 30. Rxb6 Rxb6 31. Rd5 h4 32. gxh4 f4 33. c5 Re6 34. Rd6
f3 35. Rxe6 fxe6 36. c6 e5 37. Kf1 e4 38. c7 g6 39. c8=Q+ Kg7 40. Qe6 1-0

[Event "CPX.CA1.22"]
[Site "http://www.queenalice.com/game.php?id=793425"]
[Date "2010.6.22"]
[Round "-"]
[White "aribeiro2"]
[Black "euber"]
[Result "0-1"]
[WhiteElo "1304"]
[BlackElo "1438"]

1. e4 e5 2. Nf3 d6 3. Bc4 Be6 4. Bxe6 fxe6 5. c4 b6 6. d3 Nc6 7. Bg5 Be7 8. Qa4
Qd7 9. b4 Nd4 10. Qxd7+ Kxd7 11. Bxe7 Kxe7 12. Nxd4 exd4 13. f4 Nh6 14. Nd2 Ng4
15. Ke2 Ne3 16. Nf3 e5 17. g3 exf4 18. gxf4 Rhf8 19. Nxd4 Ng2 20. Nc6+ Kd7 21.
Rhg1 Nxf4+ 22. Ke3 Kxc6 23. Rxg7 a5 24. b5+ Kc5 25. Rg5+ Kb4 26. Rb1+ Kc3 27.
Rb3+ Kc2 28. Rg4 a4 29. Ra3 h5 30. Rg7 Kb2 31. Rxa4 Rxa4 32. Rxc7 Kxa2 33. Rb7
Ng2+ 34. Kd2 Rf2+ 35. Kd1 Rb4 36. Ra7+ Kb2 37. d4 Rxc4 38. e5 Rxd4# 0-1

[Event "AUTO-OPEN-2024"]
[Site "http://www.queenalice.com/game.php?id=796562"]
[Date "2010.6.29"]
[Round "1"]
[White "chess2009"]
[Black "euber"]
[Result "1-0"]
[WhiteElo "1526"]
[BlackElo "1441"]

1. e4 e5 2. Qh5 Nc6 3. Bc4 g6 4. Qf3 Nd4 5. Qd1 b5 6. Bf1 Nf6 7. f3 d6 8. Ne2
Nxe2 9. Bxe2 Ba6 10. b4 c5 11. bxc5 dxc5 12. O-O Nd7 13. d3 h5 14. Nc3 Nb6 15.
Rf2 Na4 16. Nxa4 bxa4 17. c3 Be7 18. d4 Bxe2 19. Rxe2 cxd4 20. c4 a3 21. Rd2 Bb4
22. Re2 Rb8 23. g3 Bc3 24. Bd2 Bxa1 25. Qxa1 Rb2 26. Kf1 Qc8 27. Bg5 Rxe2 28.
Kxe2 Qxc4+ 29. Kd1 Kf8 30. Qc1 Qxa2 31. Bf6 Kg8 32. Qc8+ Kh7 33. Qxh8# 1-0

[Event "AUTO-OPEN-2024"]
[Site "http://www.queenalice.com/game.php?id=796563"]
[Date "2010.6.29"]
[Round "1"]
[White "euber"]
[Black "chess2009"]
[Result "0-1"]
[WhiteElo "1421"]
[BlackElo "1521"]

1. e4 e5 2. Nf3 f6 3. Bc4 Nc6 4. Bxg8 Rxg8 5. c3 d6 6. d4 exd4 7. cxd4 Ne7 8.
O-O d5 9. Nfd2 Be6 10. f3 dxe4 11. Nxe4 f5 12. Ng5 h6 13. Nh7 Qd7 14. b3 f4 15.
Bxf4 Bf5 16. Nc3 Bxh7 17. Qc1 Ng6 18. Re1+ Be7 19. Re4 Rf8 20. g3 Nxf4 21. Rxf4
g5 22. Rxf8+ Kxf8 23. f4 gxf4 24. gxf4 Qg4+ 25. Kh1 Qf3+ 26. Kg1 Rd8 27. Nb5 c6
28. Nxa7 Rxd4 29. Nc8 Qg4+ 30. Kh1 Qxc8 31. Qc3 Be4+ 32. Kg1 Qg4+ 33. Kf1 Qg2+
34. Ke1 Bh4+ 0-1

[Event "AUTO-OPEN-2024"]
[Site "http://www.queenalice.com/game.php?id=796590"]
[Date "2010.6.29"]
[Round "1"]
[White "fomalhaut"]
[Black "euber"]
[Result "1-0"]
[WhiteElo "1379"]
[BlackElo "1474"]

1. e4 e5 2. Nf3 d6 3. g3 Bg4 4. Bg2 Nf6 5. d3 c6 6. Bg5 h6 7. Bxf6 Qxf6 8. Nbd2
Bxf3 9. Bxf3 Nd7 10. O-O O-O-O 11. Bg4 g6 12. c4 h5 13. Bh3 g5 14. Bf5 d5 15.
Bxd7+ Rxd7 16. exd5 cxd5 17. c5 Bxc5 18. Rc1 b6 19. Nb3 h4 20. Nxc5 bxc5 21.
Rxc5+ Rc7 22. Qc2 Qb6 23. Rxc7+ Qxc7 24. Qxc7+ Kxc7 25. Rc1+ Kb7 26. Rc5 Rd8 27.
b4 Rc8 28. Rxd5 h3 29. f3 Rc1+ 30. Kf2 f6 31. a4 Kc6 32. Rb5 a6 33. Rb8 Rh1 34.
Ra8 Kb7 35. Rf8 Rxh2+ 36. Kg1 Rg2+ 37. Kh1 h2 38. Rxf6 Rxg3 39. Kxh2 Rxf3 40.
Rxf3 a5 41. b5 Kc7 42. Rf5 e4 43. dxe4 1-0

[Event "AUTO-OPEN-2024"]
[Site "http://www.queenalice.com/game.php?id=796591"]
[Date "2010.6.29"]
[Round "1"]
[White "euber"]
[Black "fomalhaut"]
[Result "1-0"]
[WhiteElo "1433"]
[BlackElo "1399"]

1. e4 e5 2. Nf3 d6 3. Bb5+ c6 4. Bf1 Bg4 5. b3 d5 6. Be2 d4 7. h3 Bh5 8. Nxe5
Bxe2 9. Qxe2 Nd7 10. Nxd7 Qxd7 11. d3 Bb4+ 12. Bd2 Bxd2+ 13. Qxd2 Ne7 14. Na3
O-O 15. h4 a6 16. O-O-O Qg4 17. g3 Ng6 18. h5 Ne5 19. Qf4 Qxf4+ 20. gxf4 Ng4 21.
Rdf1 f6 22. Rhg1 Nh2 23. Rd1 Nf3 24. Rg3 Ne5 25. fxe5 fxe5 26. f3 b5 27. h6 g6
28. Rf1 b4 29. Nc4 Rf4 30. Nxe5 c5 31. Rg5 Rh4 32. f4 Rf8 33. f5 Re8 34. fxg6
Rxh6 35. Nf7 Rxg6 36. Rxg6+ hxg6 37. Rf6 Rf8 38. Nh6+ Kg7 39. Rxf8 Kxf8 40. Ng4
Kf7 41. Kd2 Ke6 42. Ke2 g5 43. Kf3 Kf7 44. Ne5+ Kf6 45. Nd7+ Kg6 46. Nxc5 Kh5
47. Kg3 a5 48. e5 1-0

[Event "AUTO-OPEN-2024"]
[Site "http://www.queenalice.com/game.php?id=796610"]
[Date "2010.6.29"]
[Round "1"]
[White "euber"]
[Black "Boeing"]
[Result "0-1"]
[WhiteElo "1475"]
[BlackElo "1858"]

1. e4 e5 2. Nf3 d6 3. b3 Nf6 4. d3 h6 5. g3 Nc6 6. Nc3 Bg4 7. h3 Bxf3 8. Qxf3
Nd4 9. Qd1 c6 10. Be3 c5 11. Nd5 Nxd5 12. exd5 Qf6 13. Bxd4 cxd4 14. Be2 O-O-O
15. Bg4+ Kb8 16. Qf3 Qxf3 17. Bxf3 f5 18. Rc1 Rc8 19. g4 fxg4 20. Bxg4 Rc5 21.
Be6 Be7 22. b4 Rb5 23. c3 dxc3 24. a3 a5 25. Bd7 Rxd5 26. Rxc3 axb4 27. axb4 b5
28. Bc6 Rd4 29. Rb3 Rc8 30. Bxb5 Rc1+ 31. Kd2 Rxh1 32. Bc4 d5 33. Ba6 Bxb4+ 34.
Ke3 Rxh3+ 35. Ke2 e4 36. Bb5 exd3+ 37. Bxd3 Kc7 38. Bc2 Rd2+ 0-1

[Event "CPX.CO1.08"]
[Site "http://www.queenalice.com/game.php?id=824015"]
[Date "2010.8.27"]
[Round "-"]
[White "euber"]
[Black "aribeiro2"]
[Result "0-1"]
[WhiteElo "1403"]
[BlackElo "1264"]

1. e3 d5 2. d4 Bf5 3. Bd3 e6 4. Bxf5 exf5 5. f4 Nf6 6. Nc3 Ne4 7. Nxe4 fxe4 8.
Ne2 b5 9. O-O c6 10. b4 a5 11. bxa5 Rxa5 12. c3 Ba3 13. Bxa3 Rxa3 14. Qc1 b4 15.
cxb4 Rd3 16. Rd1 Rxd1+ 17. Qxd1 g5 18. a4 Rg8 19. g3 h5 20. b5 h4 21. gxh4 gxf4+
22. Kh1 Qxh4 23. Qd2 Qg4 24. Qe1 Qg2# 0-1

[Event "CPX.CO1.09"]
[Site "http://www.queenalice.com/game.php?id=824016"]
[Date "2010.8.27"]
[Round "-"]
[White "euber"]
[Black "raszytko"]
[Result "0-1"]
[WhiteElo "1373"]
[BlackElo "2433"]

1. e3 d5 2. d4 Nf6 3. Bb5+ Bd7 4. Bxd7+ Nbxd7 5. Nc3 e5 6. dxe5 Nxe5 7. Nf3 Bd6
8. Nxe5 Bxe5 9. f4 Bxc3+ 10. bxc3 O-O 11. c4 dxc4 12. Qxd8 Rfxd8 13. Bb2 Ne4 14.
Rd1 Rxd1+ 15. Kxd1 Nf2+ 16. Kd2 Nxh1 17. Kc3 Rd8 18. Kxc4 Rd2 19. Bd4 Rxc2+ 0-1

[Event "CPX.CO1.06"]
[Site "http://www.queenalice.com/game.php?id=824117"]
[Date "2010.8.27"]
[Round "-"]
[White "louco_dog"]
[Black "euber"]
[Result "0-1"]
[WhiteElo "1478"]
[BlackElo "1373"]

1. e4 e5 2. Bc4 Nf6 3. Nh3 Nxe4 4. Qf3 d5 5. Bb5+ Bd7 6. a4 Bxb5 7. axb5 a6 8.
Nc3 Nxc3 9. bxc3 c6 10. bxc6 Nxc6 11. O-O e4 12. Qf5 g6 13. Qg4 Ne5 14. Qf4 Nc4
15. Re1 f5 16. d3 Nd6 17. Qe5+ Qe7 18. Qxh8 Qg7 19. Qxg7 Bxg7 20. Nf4 Bxc3 21.
Ba3 Nb5 22. Nxd5 Bxe1 23. Rxe1 Rd8 24. dxe4 Nxa3 25. exf5+ Kf7 26. Re7+ Kf8 27.
Re5 Nxc2 28. g4 Nd4 29. f6 Nf3+ 30. Kf1 Nxe5 31. Ne3 b5 32. Nc2 Nxg4 33. h3 Nxf6
34. f4 a5 35. Kf2 Rd2+ 36. Ke3 Rxc2 37. Kd4 b4 38. Ke5 Ke7 39. f5 Rc5+ 40. Kd4
Rc3 41. fxg6 hxg6 42. Ke5 b3 43. h4 b2 44. Kf4 b1=Q 45. Kg5 Rc5+ 46. Kh6 a4 47.
Kg7 Rc8 0-1

[Event "CPX.CO1.15"]
[Site "http://www.queenalice.com/game.php?id=824193"]
[Date "2010.8.27"]
[Round "-"]
[White "RubensFigueiredo"]
[Black "euber"]
[Result "1-0"]
[WhiteElo "1571"]
[BlackElo "1399"]

1. e4 e5 2. Nf3 Nc6 3. Nc3 g5 4. d3 Bb4 5. Bxg5 f6 6. Bd2 Bxc3 7. Bxc3 Nh6 8.
Be2 Rg8 9. g3 f5 10. Nxe5 Nxe5 11. Bxe5 d6 12. Bc3 fxe4 13. dxe4 Bg4 14. Bxg4
Nxg4 15. h3 Nf6 16. Qf3 Rf8 17. O-O-O Qe7 18. Rhe1 Ng8 19. Qh5+ Rf7 20. e5 Nf6
21. exf6 Kd7 22. Rxe7+ Rxe7 23. fxe7 Kxe7 24. Qxh7+ Ke6 25. Re1+ Kd5 26. Qe4+
1-0